[Event "Moscow Piterenka rapid"]
[Site "Moscow"]
[Date "2012.12.29"]
[Round "2"]
[White "Nepomniachtchi, Ian"]
[Black "Grischuk, Alexander"]
[Result "0-1"]
[WhiteElo "2707"]
[BlackElo "2764"]
[PlyCount "84"]
[EventDate "2012.12.29"]
[EventType "tourn (rapid)"]
[EventRounds "6"]
[EventCountry "RUS"]
[EventCategory "20"]
[SourceTitle "CBM 152 Extra"]
[Source "ChessBase"]
[SourceDate "2013.02.25"]
[SourceVersion "1"]
[SourceVersionDate "2013.02.25"]
[SourceQuality "1"]

1. e4 c6 2. Nf3 d5 3. Nc3 Bg4 4. h3 Bxf3 5. Qxf3 e6 6. d4 dxe4 7. Qxe4 Nf6 8.
Qh4 Nbd7 9. Bd3 g6 10. O-O Bg7 11. Bg5 h6 12. Be3 Nd5 13. Qxd8+ Rxd8 14. Nxd5
cxd5 15. a4 Nb8 16. c3 Nc6 17. b4 Rc8 18. a5 h5 19. a6 b6 20. Bb5 Kd8 21. g4
Ne7 22. Rac1 hxg4 23. hxg4 Rh4 24. Be2 Kd7 25. Kg2 Rch8 26. Bb5+ Kd6 27. Kf3
Bh6 28. g5 Bg7 29. Bf4+ e5 30. Bg3 Rh3 31. Bd3 Nf5 32. Bxf5 gxf5 33. c4 f4 34.
Rcd1 fxg3 35. dxe5+ Bxe5 36. Rxd5+ Ke6 37. Ke4 R8h4+ 38. f4 Rxf4+ 39. Rxf4 Bxf4
40. g6 g2 41. gxf7 Kxf7 42. Rd7+ Kf6 0-1

[Event "Moscow Piterenka rapid"]
[Site "Moscow"]
[Date "2012.12.29"]
[Round "3"]
[White "Grischuk, Alexander"]
[Black "Karjakin, Sergey"]
[Result "1/2-1/2"]
[WhiteElo "2764"]
[BlackElo "2775"]
[PlyCount "74"]
[EventDate "2012.12.29"]
[EventType "tourn (rapid)"]
[EventRounds "6"]
[EventCountry "RUS"]
[EventCategory "20"]
[SourceTitle "CBM 152 Extra"]
[Source "ChessBase"]
[SourceDate "2013.02.25"]
[SourceVersion "1"]
[SourceVersionDate "2013.02.25"]
[SourceQuality "1"]

1. d4 d5 2. c4 dxc4 3. Nf3 Nf6 4. Nc3 a6 5. e4 b5 6. e5 Nd5 7. a4 e6 8. axb5
Bb4 9. Qc2 Nb6 10. Qe4 Qd5 11. Qg4 axb5 12. Rxa8 Qxa8 13. Be2 Kf8 14. O-O Bxc3
15. bxc3 h6 16. Qh4 Nc6 17. Ng5 Ne7 18. Bf3 Bb7 19. Bxb7 Qxb7 20. Ba3 Nbd5 21.
Ne4 b4 22. Bxb4 Nxb4 23. cxb4 Qxb4 24. Ra1 Qb8 25. Nc5 Qe8 26. Rc1 Qa8 27. h3
c3 28. Qf4 Nd5 29. Qf3 Qa3 30. Rc2 Ke7 31. Ne4 Qb3 32. Qd3 Rb8 33. Kh2 Kf8 34.
Nc5 Qb1 35. Nd7+ Ke7 36. Nxb8 Qxb8 37. Rxc3 Nxc3 1/2-1/2

[Event "Moscow Piterenka rapid"]
[Site "Moscow"]
[Date "2012.12.29"]
[Round "5"]
[White "Karjakin, Sergey"]
[Black "Grischuk, Alexander"]
[Result "1-0"]
[WhiteElo "2775"]
[BlackElo "2764"]
[PlyCount "90"]
[EventDate "2012.12.29"]
[EventType "tourn (rapid)"]
[EventRounds "6"]
[EventCountry "RUS"]
[EventCategory "20"]
[SourceTitle "CBM 152 Extra"]
[Source "ChessBase"]
[SourceDate "2013.02.25"]
[SourceVersion "1"]
[SourceVersionDate "2013.02.25"]
[SourceQuality "1"]

1. e4 e5 2. Nf3 Nc6 3. Bb5 a6 4. Ba4 Nf6 5. O-O Be7 6. d3 b5 7. Bb3 d6 8. a4 b4
9. Nbd2 O-O 10. Re1 Na5 11. Ba2 c5 12. c3 Rb8 13. d4 Qc7 14. dxe5 dxe5 15. Nc4
b3 16. Nxa5 bxa2 17. Nc4 Be6 18. Qe2 Nd7 19. Rxa2 Nb6 20. Nfd2 Rfd8 21. Ra1
Nxc4 22. Nxc4 Bxc4 23. Qxc4 Qd6 24. Ra2 a5 25. Be3 h6 26. h3 Qb6 27. Kh2 Qd6
28. Rb1 Qd3 29. Qxd3 Rxd3 30. Kg1 c4 31. Re1 Bg5 32. Bc5 Rd2 33. Ba3 Bd8 34.
Raa1 Bb6 35. Rf1 Rbd8 36. g4 Re2 37. Kg2 Rxe4 38. Rae1 Rxe1 39. Rxe1 f6 40. Re4
Rc8 41. f4 exf4 42. Rxf4 Kf7 43. Rf5 Ke6 44. Rb5 Rc6 45. Kf3 Kf7 1-0

[Event "Moscow Aeroflot rapid final"]
[Site "Moscow"]
[Date "2013.02.16"]
[Round "1.1"]
[White "Grischuk, Alexander"]
[Black "Shimanov, Aleksandr"]
[Result "1-0"]
[WhiteElo "2764"]
[BlackElo "2640"]
[PlyCount "59"]
[EventDate "2013.02.16"]
[EventType "k.o. (rapid)"]
[EventRounds "4"]
[EventCountry "RUS"]
[SourceTitle "CBM 152 Extra"]
[Source "ChessBase"]
[SourceDate "2013.02.25"]
[SourceVersion "1"]
[SourceVersionDate "2013.02.25"]
[SourceQuality "1"]

1. e4 c6 2. d4 d5 3. e5 c5 4. dxc5 Nc6 5. Nf3 Bg4 6. c3 e6 7. b4 Nge7 8. Nbd2
a6 9. Qa4 Bxf3 10. Nxf3 g6 11. Bd3 Bg7 12. Bf4 O-O 13. O-O f6 14. exf6 Bxf6 15.
Bh6 Re8 16. Qb3 Nf5 17. Bxf5 gxf5 18. Rad1 Qe7 19. Rfe1 Qf7 20. c4 d4 21. b5
Na5 22. Qd3 Qc7 23. Ng5 Bxg5 24. Bxg5 Qxc5 25. Bf6 Qc7 26. Be5 Qf7 27. Qxd4
Rac8 28. Re3 Nxc4 29. Rg3+ Kf8 30. Bg7+ 1-0

[Event "Moscow Aeroflot rapid final"]
[Site "Moscow"]
[Date "2013.02.17"]
[Round "4.1"]
[White "Karjakin, Sergey"]
[Black "Grischuk, Alexander"]
[Result "1/2-1/2"]
[WhiteElo "2786"]
[BlackElo "2764"]
[PlyCount "83"]
[EventDate "2013.02.16"]
[EventType "k.o. (rapid)"]
[EventRounds "4"]
[EventCountry "RUS"]
[SourceTitle "CBM 152 Extra"]
[Source "ChessBase"]
[SourceDate "2013.02.25"]
[SourceVersion "1"]
[SourceVersionDate "2013.02.25"]
[SourceQuality "1"]

1. e4 e5 2. Nf3 Nc6 3. Bb5 Nf6 4. O-O Nxe4 5. d4 Nd6 6. Bxc6 dxc6 7. dxe5 Nf5
8. Qxd8+ Kxd8 9. h3 Ke8 10. Nc3 h5 11. Bf4 Be7 12. Rad1 Be6 13. Ng5 Rh6 14.
Rfe1 Bb4 15. g4 hxg4 16. hxg4 Ne7 17. Nxe6 Rxe6 18. Kg2 Bxc3 19. bxc3 Rd8 20.
Rb1 b5 21. Kg3 Rd5 22. c4 Rc5 23. Re4 a6 24. Rb3 Ng6 25. Ra3 f6 26. Rxa6 Nxf4
27. Kxf4 Rexe5 28. Rxe5+ fxe5+ 29. Kf5 Kf7 30. Ra7 g6+ 31. Kg5 e4+ 32. Kh6 Rxc4
33. Rxc7+ Ke6 34. g5 Rxc2 35. Kxg6 Rxf2 36. Rxc6+ Kd5 37. Rb6 Kc5 38. Re6 Kd4
39. Rd6+ Kc5 40. Re6 Kd4 41. Rd6+ Kc5 42. Re6 1/2-1/2

[Event "Moscow Aeroflot rapid final"]
[Site "Moscow"]
[Date "2013.02.17"]
[Round "4.2"]
[White "Grischuk, Alexander"]
[Black "Karjakin, Sergey"]
[Result "1/2-1/2"]
[WhiteElo "2764"]
[BlackElo "2786"]
[PlyCount "64"]
[EventDate "2013.02.16"]
[EventType "k.o. (rapid)"]
[EventRounds "4"]
[EventCountry "RUS"]
[SourceTitle "CBM 152 Extra"]
[Source "ChessBase"]
[SourceDate "2013.02.25"]
[SourceVersion "1"]
[SourceVersionDate "2013.02.25"]
[SourceQuality "1"]

1. e4 e5 2. Nf3 Nc6 3. Nc3 Nf6 4. Be2 Bb4 5. Nd5 Ba5 6. c3 d6 7. a4 Bb6 8. d3
h6 9. O-O O-O 10. Nd2 Be6 11. Bf3 a6 12. Nxb6 cxb6 13. Nc4 Qc7 14. Be3 b5 15.
Nb6 Rae8 16. axb5 axb5 17. Re1 Ne7 18. c4 bxc4 19. dxc4 Nd7 20. Nd5 Bxd5 21.
cxd5 f5 22. Qb3 fxe4 23. Rec1 Qb8 24. Bxe4 Nf6 25. Ba7 Qd8 26. Bd3 Nc8 27. Be3
Ng4 28. Be2 Nxe3 29. Qxe3 Ne7 30. Bg4 Nf5 31. Bxf5 Rxf5 32. h3 Rf7 1/2-1/2

[Event "Moscow Aeroflot rapid final"]
[Site "Moscow"]
[Date "2013.02.17"]
[Round "4.3"]
[White "Karjakin, Sergey"]
[Black "Grischuk, Alexander"]
[Result "1-0"]
[WhiteElo "2786"]
[BlackElo "2764"]
[PlyCount "109"]
[EventDate "2013.02.16"]
[EventType "k.o. (rapid)"]
[EventRounds "4"]
[EventCountry "RUS"]
[SourceTitle "CBM 152 Extra"]
[Source "ChessBase"]
[SourceDate "2013.02.25"]
[SourceVersion "1"]
[SourceVersionDate "2013.02.25"]
[SourceQuality "1"]

1. e4 e5 2. Nf3 Nc6 3. Bb5 Nf6 4. d3 Bc5 5. c3 O-O 6. O-O d6 7. h3 a6 8. Bxc6
bxc6 9. d4 Bb6 10. Re1 h6 11. Qc2 Re8 12. Nbd2 exd4 13. cxd4 c5 14. d5 c6 15.
dxc6 Qc7 16. b3 Qxc6 17. Bb2 Bd8 18. e5 dxe5 19. Nxe5 Qc7 20. Ndc4 Re6 21. Rad1
Be7 22. Ne3 Bb7 23. Nf5 Bf8 24. Ng4 Nxg4 25. hxg4 Rae8 26. Rxe6 Rxe6 27. Qc3
Rg6 28. f3 Kh7 29. Qd3 c4 30. bxc4 Bc5+ 31. Bd4 Bxd4+ 32. Qxd4 h5 33. gxh5 Rg5
34. Qd3 Qc5+ 35. Ne3+ f5 36. Qd4 Qc6 37. Nd5 Qh6 38. Rb1 Bxd5 39. cxd5 Qxh5 40.
Qd3 Qh3 41. Rb2 Qg3 42. Re2 Rh5 43. d6 Qh2+ 44. Kf2 Qh4+ 45. Ke3 Rh6 46. Qxf5+
Kh8 47. Qf8+ Kh7 48. Qf5+ Kh8 49. Qc8+ Kh7 50. Qc2+ Kh8 51. Rd2 Re6+ 52. Kd3
Rxd6+ 53. Ke2 Re6+ 54. Qe4 Rxe4+ 55. fxe4 1-0

[Event "Wch Rapid"]
[Site "Khanty-Mansiysk"]
[Date "2013.06.08"]
[Round "13"]
[White "Nepomniachtchi, Ian"]
[Black "Grischuk, Alexander"]
[Result "0-1"]
[WhiteElo "2717"]
[BlackElo "2779"]
[Annotator "Grivas,E"]
[PlyCount "124"]
[EventDate "2013.06.06"]
[EventType "swiss (rapid)"]
[EventRounds "15"]
[EventCountry "RUS"]
[SourceTitle "CBM 154 Extra"]
[Source "ChessBase"]
[SourceDate "2013.06.25"]
[SourceVersion "2"]
[SourceVersionDate "2013.06.25"]
[SourceQuality "1"]
[WhiteClock "0:00:51"]
[BlackClock "0:00:57"]

1. e4 d6 2. d4 Nf6 3. Nc3 g6 4. g3 Bg7 5. Bg2 O-O 6. Nge2 Nbd7 7. O-O c5 8. h3
Rb8 9. dxc5 Nxc5 10. a4 b6 11. Re1 Bb7 12. Nf4 Nfd7 13. Bd2 Rc8 14. Qe2 {
White has played the opening without any concrete plan and without fantasy.
Black got what he wanted - a lively middlegame with many pieces on the board.
He now opted for a 'Hedghog' structure.} a6 15. Red1 e6 16. Be1 $6 ({Too
passive. White should have gone for a forced variation:} 16. b4 $1 Bxc3 (16...
Nxa4 $5 17. Nxa4 b5 18. Nc3 Bxc3 19. Bxc3 Rxc3 20. Rxd6 Qc8 21. Qd1 $13) 17.
Bxc3 Nxe4 (17... Nxa4 18. Be1) 18. Bxe4 Bxe4 19. Qxe4 Rxc3 20. Rxd6 Qc7 21.
Rad1 Nf6 22. Qd4 $11 {.}) 16... Qe7 17. Qe3 Ne5 18. b3 Rfd8 (18... f5 $5 {
was good for Black here.}) 19. Rac1 h5 $1 {Trying to create more weaknesses on
the white kingside - White is lacking any good plan...} 20. Nfe2 Kh7 21. f4 Nc6
22. Na2 b5 23. axb5 axb5 24. Bc3 e5 $1 25. Re1 Ne6 26. Nb4 Nxb4 27. Bxb4 h4 $1
{White's kingside is falling apart.} 28. Rf1 hxg3 29. f5 {What else?} Nf4 $2 ({
Black mixes his ideas! He should have gone for the simple} 29... Bh6 30. fxg6+
fxg6 31. Qxg3 Bxc1 {was even better.}) 30. Nxf4 Bh6 31. Qxg3 Bxf4 32. Rxf4 $1
exf4 33. Qxf4 Qe5 $2 ({Black's last chance was laying on} 33... Qf6 34. fxg6+
Qxg6 35. Qh4+ Kg7 36. c4 Re8 $15 {.}) 34. Qf2 $2 ({The obvious} 34. Qh4+ Kg8
35. c4 $1 Qd4+ 36. Kh1 Qg7 37. fxg6 fxg6 38. Bc3 Qh7 39. Qg4 {was offering
White very good compensation for the exchange.}) 34... Kg8 $2 ({Many mistakes
in a row, but this is a rapid game - not much time to think! Black could have
gained a good advantage with} 34... gxf5 $1 35. c4 Qf6 36. Bc3 Qg6 {.}) 35. Re1
$2 (35. c4 $1 {again was fine:} g5 36. Bc3 Qe7 (36... Qf4 37. Qxf4 gxf4 38. Bf6
$14) 37. f6 Qf8 38. Qb6 $13 {.}) 35... Re8 36. Qd2 d5 37. fxg6 fxg6 38. Rd1
dxe4 39. Qh6 Qh5 $1 {Now the queens are exchanged and Black shouldn't have any
problem to bring the bacon home.} 40. Qxh5 gxh5 41. Bf1 Re5 42. Bd6 Rd8 43. Be2
Re6 44. Bb4 Rxd1+ 45. Bxd1 Re5 46. Kf2 e3+ 47. Ke2 Bc8 48. Bd6 Rd5 49. Bf4 Bxh3
50. Ke1 Bg4 $1 51. Bxg4 hxg4 52. c4 bxc4 53. bxc4 Rf5 (53... Rc5 54. Bxe3 Rxc4
{was winning as well.}) 54. Bxe3 g3 55. c5 Kf7 56. Ke2 Ke6 57. Bd4 Kd5 58. Bg1
Rf8 59. Be3 g2 60. Bf2 Rf7 $1 {Losing a tempo, forcing the white king to e1.}
61. Ke1 (61. Ke3 Kxc5 62. Ke2+ Kd5 63. Ke3 Rf5 64. Ke2 Ke4 $19 {.}) 61... Re7+
$1 62. Kd2 Rh7 (62... Rh7 {White resigned, as} 63. Ke2 Rh1 {wins the bishop.})
0-1

[Event "Wch Blitz 7th"]
[Site "Khanty-Mansiysk"]
[Date "2013.06.09"]
[Round "2"]
[White "Grischuk, Alexander"]
[Black "Guseinov, Gadir"]
[Result "1/2-1/2"]
[WhiteElo "2779"]
[BlackElo "2631"]
[PlyCount "93"]
[EventDate "2013.06.09"]
[EventType "swiss (blitz)"]
[EventRounds "30"]
[EventCountry "RUS"]
[SourceTitle "CBM 154 Extra"]
[Source "ChessBase"]
[SourceDate "2013.06.25"]
[SourceVersion "2"]
[SourceVersionDate "2013.06.25"]
[SourceQuality "1"]

1. c4 g6 2. g3 Bg7 3. Bg2 d6 4. Nc3 Nf6 5. d3 O-O 6. e3 e5 7. Nge2 c6 8. O-O
Be6 9. b3 Re8 10. e4 d5 11. exd5 cxd5 12. Bg5 d4 13. Bxb7 Nbd7 14. Nd5 Rb8 15.
Bc6 h6 16. Nxf6+ Nxf6 17. Bxf6 Qxf6 18. Bg2 h5 19. Qd2 Kh7 20. Kh1 h4 21. Ng1
Bf5 22. Rae1 Bh6 23. Qe2 a5 24. Be4 Bd7 25. Qf3 Qxf3+ 26. Nxf3 hxg3 27. hxg3 a4
28. bxa4 Bxa4 29. Kg2 Rb2 30. Rb1 Rxb1 31. Rxb1 f5 32. Rb7+ Kh8 33. Bd5 e4 34.
dxe4 d3 35. exf5 gxf5 36. Ra7 Bd1 37. Nh4 Bh5 38. Bf3 Bxf3+ 39. Nxf3 Rd8 40.
Rf7 d2 41. Nxd2 Rxd2 42. Rxf5 Rxa2 43. Kf3 Rc2 44. c5 Kg8 45. Ke4 Bf8 46. Kd4
Bxc5+ 47. Ke4 1/2-1/2

[Event "Wch Blitz 7th"]
[Site "Khanty-Mansiysk"]
[Date "2013.06.09"]
[Round "5"]
[White "Rublevsky, Sergei"]
[Black "Grischuk, Alexander"]
[Result "1-0"]
[WhiteElo "2695"]
[BlackElo "2779"]
[PlyCount "89"]
[EventDate "2013.06.09"]
[EventType "swiss (blitz)"]
[EventRounds "30"]
[EventCountry "RUS"]
[SourceTitle "CBM 154 Extra"]
[Source "ChessBase"]
[SourceDate "2013.06.25"]
[SourceVersion "2"]
[SourceVersionDate "2013.06.25"]
[SourceQuality "1"]

1. e4 c6 2. d4 d5 3. e5 Bf5 4. Nf3 e6 5. Be2 Ne7 6. c3 Bg6 7. O-O Nf5 8. Na3
Nd7 9. Nc2 Qc7 10. Nce1 h6 11. Nd3 Bh7 12. a4 c5 13. a5 g5 14. dxc5 Nxc5 15.
Nd4 a6 16. Re1 Be7 17. Nxf5 Bxf5 18. Be3 Kf8 19. Nxc5 Bxc5 20. Bd4 Rc8 21. Bd3
Bxd3 22. Qxd3 Bxd4 23. cxd4 Qc2 24. Qf3 Qg6 25. Qb3 Kg7 26. Qxb7 Qd3 27. Red1
Qe2 28. Re1 Qc4 29. Rad1 Rb8 30. Qe7 Rhc8 31. Qf6+ Kg8 32. Qxh6 Rxb2 33. Qxg5+
Kf8 34. Rc1 Rc2 35. Rxc2 Qxc2 36. h4 Qc3 37. Rd1 Qc2 38. Rd2 Qb1+ 39. Kh2 Rc1
40. h5 Rh1+ 41. Kg3 Qb3+ 42. f3 Qb1 43. h6 Qe1+ 44. Kg4 Qg1 45. Qd8# 1-0

[Event "Wch Blitz 7th"]
[Site "Khanty-Mansiysk"]
[Date "2013.06.09"]
[Round "6"]
[White "Grischuk, Alexander"]
[Black "Rublevsky, Sergei"]
[Result "1/2-1/2"]
[WhiteElo "2779"]
[BlackElo "2695"]
[PlyCount "118"]
[EventDate "2013.06.09"]
[EventType "swiss (blitz)"]
[EventRounds "30"]
[EventCountry "RUS"]
[SourceTitle "CBM 154 Extra"]
[Source "ChessBase"]
[SourceDate "2013.06.25"]
[SourceVersion "2"]
[SourceVersionDate "2013.06.25"]
[SourceQuality "1"]

1. Nf3 d5 2. d4 Nf6 3. g3 c6 4. c4 Bg4 5. Bg2 e6 6. Qb3 Qb6 7. Nc3 Nbd7 8. O-O
Be7 9. Re1 O-O 10. c5 Qc7 11. Bf4 Qc8 12. Rac1 Bxf3 13. Bxf3 b6 14. Bd6 Bxd6
15. cxd6 Qb8 16. e4 dxe4 17. Nxe4 Nxe4 18. Bxe4 Qxd6 19. Rxc6 Qe7 20. Rc7 Qd6
21. Qc2 Rad8 22. Bxh7+ Kh8 23. Rxa7 g6 24. Bxg6 fxg6 25. Qxg6 Rf6 26. Qh5+ Kg7
27. Re4 Rg6 28. Rh4 Kf6 29. Qh7 Rg7 30. Qh5 Qd5 31. Rf4+ Ke7 32. Qh4+ Qg5 33.
a4 Qxh4 34. Rxh4 Kd6 35. Rf4 Rc8 36. a5 bxa5 37. Rxa5 Rb8 38. Ra6+ Kd5 39. Ra7
Rxb2 40. h4 Kd6 41. Kg2 Rh7 42. Re4 Rh6 43. Ra6+ Kd5 44. Rf4 Nf6 45. g4 Rxh4
46. Rxf6 Rxg4+ 47. Kf3 Rxd4 48. Raxe6 Rb3+ 49. Re3 Rxe3+ 50. Kxe3 Re4+ 51. Kf3
Ra4 52. Rf5+ Ke6 53. Rf4 Ra1 54. Kg4 Rg1+ 55. Kh3 Ke7 56. f3 Ke6 57. Kh4 Ke7
58. Rf5 Ke6 59. Rg5 Rf1 1/2-1/2

[Event "Wch Blitz 7th"]
[Site "Khanty-Mansiysk"]
[Date "2013.06.09"]
[Round "9"]
[White "Grischuk, Alexander"]
[Black "Zvjaginsev, Vadim"]
[Result "1-0"]
[WhiteElo "2779"]
[BlackElo "2659"]
[PlyCount "81"]
[EventDate "2013.06.09"]
[EventType "swiss (blitz)"]
[EventRounds "30"]
[EventCountry "RUS"]
[SourceTitle "CBM 154 Extra"]
[Source "ChessBase"]
[SourceDate "2013.06.25"]
[SourceVersion "2"]
[SourceVersionDate "2013.06.25"]
[SourceQuality "1"]

1. Nf3 c5 2. c4 Nf6 3. g3 g6 4. Bg2 Bg7 5. d4 cxd4 6. Nxd4 O-O 7. Nc3 Nc6 8.
O-O Qa5 9. Nb3 Qh5 10. c5 Rd8 11. e4 d6 12. Qxh5 Nxh5 13. Rd1 dxc5 14. Rxd8+
Nxd8 15. Nxc5 b6 16. Nb3 Bb7 17. Be3 Bxc3 18. bxc3 Rc8 19. Rc1 Rc4 20. f3 Nc6
21. Rc2 Ra4 22. c4 Kg7 23. c5 b5 24. Rd2 Bc8 25. Nd4 Nxd4 26. Bxd4+ f6 27. Bf1
a6 28. c6 Kf7 29. Bc5 Ng7 30. Rd8 Ne6 31. Rxc8 Nxc5 32. Ra8 Ne6 33. Be2 Rxa2
34. Bxb5 Ra1+ 35. Kf2 Rc1 36. Ba4 Rc3 37. Ke1 Nc5 38. Bd1 a5 39. c7 Nd3+ 40.
Kd2 Rxc7 41. Bb3+ 1-0

[Event "Wch Blitz 7th"]
[Site "Khanty-Mansiysk"]
[Date "2013.06.09"]
[Round "10"]
[White "Zvjaginsev, Vadim"]
[Black "Grischuk, Alexander"]
[Result "0-1"]
[WhiteElo "2659"]
[BlackElo "2779"]
[PlyCount "108"]
[EventDate "2013.06.09"]
[EventType "swiss (blitz)"]
[EventRounds "30"]
[EventCountry "RUS"]
[SourceTitle "CBM 154 Extra"]
[Source "ChessBase"]
[SourceDate "2013.06.25"]
[SourceVersion "2"]
[SourceVersionDate "2013.06.25"]
[SourceQuality "1"]

1. e4 c5 2. Nf3 Nc6 3. Bb5 e6 4. O-O Nge7 5. Re1 Nd4 6. Nxd4 cxd4 7. d3 a6 8.
Ba4 b5 9. Bb3 Bb7 10. Nd2 Nc6 11. Qg4 Qf6 12. Nf3 Qg6 13. Qxg6 hxg6 14. Bd2 Bc5
15. Rac1 Ke7 16. c3 Rhc8 17. cxd4 Nxd4 18. Rxc5 Nxf3+ 19. gxf3 Rxc5 20. Bb4 d6
21. Bxc5 dxc5 22. Bd1 e5 23. Be2 g5 24. Kg2 Kd6 25. Kg3 Rh8 26. Rh1 Rh4 27. h3
Bc8 28. Rh2 Be6 29. a3 g6 30. Rh1 f5 31. Kg2 Rh8 32. Kg3 a5 33. Kg2 f4 34. Rh2
b4 35. Rh1 bxa3 36. bxa3 Rb8 37. h4 Rb2 38. Bd1 gxh4 39. Rxh4 Rd2 40. Ba4 Rxd3
41. Be8 Rxa3 42. Bxg6 c4 43. Rh6 Ke7 44. Bf5 Bf7 45. Rc6 c3 46. Rc7+ Kf6 47.
Rc6+ Kg5 48. Rc7 Bh5 49. Rc5 a4 50. Rxe5 Bxf3+ 51. Kh2 Ra1 52. Bh3+ Kg6 53. Bg2
Bxg2 54. Kxg2 c2 0-1

[Event "Wch Blitz 7th"]
[Site "Khanty-Mansiysk"]
[Date "2013.06.09"]
[Round "11"]
[White "Grischuk, Alexander"]
[Black "Nguyen, Ngoc Truong Son"]
[Result "0-1"]
[WhiteElo "2779"]
[BlackElo "2625"]
[PlyCount "87"]
[EventDate "2013.06.09"]
[EventType "swiss (blitz)"]
[EventRounds "30"]
[EventCountry "RUS"]
[SourceTitle "CBM 154 Extra"]
[Source "ChessBase"]
[SourceDate "2013.06.25"]
[SourceVersion "2"]
[SourceVersionDate "2013.06.25"]
[SourceQuality "1"]

1. Nf3 Nf6 2. g3 c5 3. Bg2 Nc6 4. c4 g6 5. O-O d6 6. Nc3 Bg7 7. d3 O-O 8. a3
Rb8 9. Rb1 b6 10. b4 Bb7 11. e3 e5 12. b5 Ne7 13. e4 Ne8 14. a4 Nc7 15. a5 bxa5
16. Qa4 a6 17. Bg5 axb5 18. cxb5 Ne6 19. Bxe7 Qxe7 20. b6 Ra8 21. Nd5 Qe8 22.
Ra1 Qxa4 23. Rxa4 Rfb8 24. Rb1 Kf8 25. Bh3 Bxd5 26. exd5 Nc7 27. Nd2 Nxd5 28.
b7 Ra7 29. Ra3 Nb4 30. Ne4 Ke7 31. Nc3 Rbxb7 32. Bg2 Rb8 33. Nd5+ Ke6 34. Ne3
f5 35. Nc4 d5 36. Rxa5 Rxa5 37. Nxa5 Ra8 38. Nc4 dxc4 39. Bxa8 cxd3 40. f3 Bf8
41. Rc1 c4 42. Kf1 Nc2 43. Bb7 d2 44. Ke2 0-1

[Event "Wch Blitz 7th"]
[Site "Khanty-Mansiysk"]
[Date "2013.06.09"]
[Round "12"]
[White "Nguyen, Ngoc Truong Son"]
[Black "Grischuk, Alexander"]
[Result "1/2-1/2"]
[WhiteElo "2625"]
[BlackElo "2779"]
[PlyCount "100"]
[EventDate "2013.06.09"]
[EventType "swiss (blitz)"]
[EventRounds "30"]
[EventCountry "RUS"]
[SourceTitle "CBM 154 Extra"]
[Source "ChessBase"]
[SourceDate "2013.06.25"]
[SourceVersion "2"]
[SourceVersionDate "2013.06.25"]
[SourceQuality "1"]

1. d4 Nf6 2. c4 g6 3. g3 c5 4. d5 b5 5. cxb5 a6 6. bxa6 d6 7. Nc3 Bg7 8. Bg2
O-O 9. Nf3 Nbd7 10. O-O Nb6 11. Re1 Bxa6 12. e4 Nfd7 13. Bf1 Nc4 14. Qc2 Qa5
15. Nd2 Nde5 16. Kg2 Nxd2 17. Bxd2 Bxf1+ 18. Rxf1 Nc4 19. Rfc1 Rfb8 20. b3 Nxd2
21. Qxd2 Rb4 22. Qe3 c4 23. Rab1 Qa3 24. Rc2 Rab8 25. Ne2 h5 26. Rxc4 Qxa2 27.
Rxb4 Rxb4 28. Qd3 Be5 29. Nc1 Qa5 30. Ne2 Kg7 31. f4 Bf6 32. h4 Qa2 33. Kf3 Qa5
34. Rc1 Qb6 35. Rb1 Qb7 36. Kg2 Qa7 37. Kf3 Qa5 38. Kg2 Qc5 39. Kf3 Rb8 40. b4
Rxb4 41. Rxb4 Qxb4 42. Kg2 Qe1 43. Ng1 Qc1 44. Nf3 Qb2+ 45. Qd2 Qa1 46. Qe2 Bd4
47. Qd2 Bc3 48. Qe2 Qb1 49. Ng5 Bf6 50. Nf3 Bc3 1/2-1/2

[Event "Wch Blitz 7th"]
[Site "Khanty-Mansiysk"]
[Date "2013.06.09"]
[Round "13"]
[White "Sargissian, Gabriel"]
[Black "Grischuk, Alexander"]
[Result "0-1"]
[WhiteElo "2671"]
[BlackElo "2779"]
[PlyCount "81"]
[EventDate "2013.06.09"]
[EventType "swiss (blitz)"]
[EventRounds "30"]
[EventCountry "RUS"]
[SourceTitle "CBM 154 Extra"]
[Source "ChessBase"]
[SourceDate "2013.06.25"]
[SourceVersion "2"]
[SourceVersionDate "2013.06.25"]
[SourceQuality "1"]

1. d4 Nf6 2. c4 g6 3. Nf3 Bg7 4. g3 b6 5. Nc3 Bb7 6. d5 Na6 7. Bg2 Nc5 8. O-O
O-O 9. Nd4 e5 10. Nb3 d6 11. Nxc5 bxc5 12. a3 Ba6 13. Qa4 Qc8 14. b4 Nd7 15.
Nb5 Nb6 16. Qb3 Bxb5 17. cxb5 c4 18. Qc2 a6 19. bxa6 Qxa6 20. Be3 e4 21. Rad1
f5 22. Bc1 Qa4 23. Rd2 c3 24. Qxa4 Rxa4 25. Rc2 Nc4 26. f3 exf3 27. Rxf3 Nxa3
28. Bxa3 Rxa3 29. e4 Bd4+ 30. Kf1 Rb3 31. exf5 Re8 32. Rc1 Be3 33. Rc2 Bd4 34.
Rc1 Be3 35. Rc2 Rb2 36. f6 Kf7 37. Rxc3 Rb1+ 38. Ke2 Bd4+ 39. Kd3 Bxc3 40. Kxc3
Rbe1 41. Kc4 0-1

[Event "Wch Blitz 7th"]
[Site "Khanty-Mansiysk"]
[Date "2013.06.09"]
[Round "14"]
[White "Grischuk, Alexander"]
[Black "Sargissian, Gabriel"]
[Result "1-0"]
[WhiteElo "2779"]
[BlackElo "2671"]
[PlyCount "87"]
[EventDate "2013.06.09"]
[EventType "swiss (blitz)"]
[EventRounds "30"]
[EventCountry "RUS"]
[SourceTitle "CBM 154 Extra"]
[Source "ChessBase"]
[SourceDate "2013.06.25"]
[SourceVersion "2"]
[SourceVersionDate "2013.06.25"]
[SourceQuality "1"]

1. Nf3 Nf6 2. g3 d5 3. Bg2 c6 4. O-O Bf5 5. c4 e6 6. cxd5 exd5 7. d3 Nbd7 8.
Nc3 Be7 9. e4 dxe4 10. dxe4 Nxe4 11. Nd4 Nxc3 12. bxc3 Bg6 13. Re1 O-O 14. Bxc6
Nc5 15. Bxb7 Bf6 16. Bxa8 Qxa8 17. Ba3 Rc8 18. Bxc5 Rxc5 19. Qf3 Qc8 20. Qb7
Rxc3 21. Qxc8+ Rxc8 22. Rac1 Rf8 23. Nc6 Kh8 24. Nxa7 Bf5 25. Rc5 Be6 26. Rxe6
fxe6 27. Rc8 Kg8 28. Kg2 Kf7 29. Rxf8+ Kxf8 30. Nb5 Ke7 31. Kf3 Kd7 32. Ke4 Kc6
33. Nd4+ Kd6 34. a4 Bd8 35. f4 g6 36. g4 Bb6 37. h3 Bd8 38. Nf3 Bf6 39. Ng5 h5
40. a5 hxg4 41. hxg4 Kc6 42. Nxe6 Kb5 43. Nf8 g5 44. Nh7 1-0

[Event "Wch Blitz 7th"]
[Site "Khanty-Mansiysk"]
[Date "2013.06.10"]
[Round "19"]
[White "Ponomariov, Ruslan"]
[Black "Grischuk, Alexander"]
[Result "1/2-1/2"]
[WhiteElo "2743"]
[BlackElo "2779"]
[PlyCount "70"]
[EventDate "2013.06.09"]
[EventType "swiss (blitz)"]
[EventRounds "30"]
[EventCountry "RUS"]
[SourceTitle "CBM 154 Extra"]
[Source "ChessBase"]
[SourceDate "2013.06.25"]
[SourceVersion "2"]
[SourceVersionDate "2013.06.25"]
[SourceQuality "1"]

1. c4 g6 2. e4 Bg7 3. d4 d6 4. Ne2 Nf6 5. Nec3 O-O 6. Be2 Nc6 7. d5 Ne5 8. O-O
c6 9. h3 a6 10. Be3 b5 11. cxb5 axb5 12. dxc6 b4 13. Nd5 Nxc6 14. Nd2 Nxd5 15.
exd5 Ne5 16. Nb3 Ba6 17. Bd4 Qb8 18. Re1 Qb7 19. f4 Nd7 20. Bxa6 Qxa6 21. Bxg7
Kxg7 22. Rxe7 Nf6 23. Qd4 Rfe8 24. Rxe8 Rxe8 25. Nd2 Qe2 26. a4 bxa3 27. bxa3
Re3 28. Nf3 Rd3 29. Qf2 Qxf2+ 30. Kxf2 Ne4+ 31. Ke2 Rxd5 32. Ke3 f5 33. a4 Ra5
34. Nd2 Nc5 35. Nc4 Rxa4 1/2-1/2